Statistics for All Districts of Switzerland with a Map

Click here to take the quiz!

General Stats

  • This quiz has been taken 248 times
  • The average score is 58 of 135

Answers on the Map

Answers color-coded by a green-red scale on the quiz's map according to % correct below.
 

Answer Stats

CantonDistrict% Correct
ZürichZürich
88%
VaudLausanne
83%
LucerneLucerne-Stadt
78%
TicinoLugano
76%
St. GallenSt. Gallen
74%
BernBiel/Bienne
72%
SchaffhausenSchaffhausen
72%
ZürichWinterthur
68%
ValaisSion
66%
AargauAarau
65%
SchwyzSchwyz
64%
BernThun
64%
TicinoBellinzona
62%
TicinoLocarno
62%
SolothurnSolothurn
62%
GraubündenPrättigau/Davos
59%
FribourgSee/Lac
58%
AargauBaden
57%
BernInterlaken-Oberhasli
56%
JuraDelémont
55%
ThurgauFrauenfeld
54%
St. GallenWil
54%
St. GallenSee-Gaster
52%
VaudNyon
50%
GraubündenEngiadina Bassa/Val Müstair
49%
Basel-LandschaftLiestal
49%
ZürichUster
49%
ValaisMartigny
48%
SolothurnOlten
48%
BernBernese Jura
46%
BernBern-Mittelland
46%
AargauBrugg
46%
ZürichDietikon
46%
BernEmmental
46%
FribourgGruyère
46%
SchwyzKüssnacht
46%
ValaisBrig
45%
LucerneSursee
45%
ValaisVisp
45%
Basel-LandschaftLaufen
44%
TicinoMendrisio
44%
ZürichPfäffikon
44%
St. GallenRheintal
44%
ZürichAffoltern
43%
ThurgauArbon
43%
ZürichBülach
43%
ZürichHorgen
43%
AargauLenzburg
43%
AargauRheinfelden
43%
St. GallenToggenburg
43%
AargauBremgarten
42%
SchwyzEinsiedeln
42%
LucerneEntlebuch
42%
ThurgauKreuzlingen
42%
ZürichMeilen
42%
Appenzell AusserrhodenMittelland
42%
AargauMuri
42%
BernOberaargau
42%
BernSeeland
42%
SchaffhausenStein
42%
GraubündenSurselva
42%
SolothurnThal
42%
VaudRiviera-Pays-d'Enhaut
41%
St. GallenRorschach
41%
TicinoVallemaggia
41%
ThurgauWeinfelden
41%
AargauZofingen
41%
VaudMorges
40%
TicinoRiviera
40%
FribourgSarine
40%
LucerneWillisau
40%
LucerneHochdorf
39%
SchwyzMarch
39%
St. GallenSarganserland
39%
ZürichAndelfingen
38%
ZürichDielsdorf
38%
SchwyzGersau
38%
ZürichHinwil
38%
GraubündenLandquart
38%
AargauLaufenburg
38%
TicinoLeventina
38%
ValaisMonthey
38%
JuraPorrentruy
38%
ValaisSierre
38%
Basel-LandschaftSissach
38%
AargauZurzach
38%
VaudAigle
37%
GraubündenBernina
37%
FribourgBroye
37%
VaudBroye-Vully
37%
Appenzell AusserrhodenHinterland
37%
SchwyzHöfe
37%
TicinoBlenio
36%
JuraFranches-Montagnes
36%
BernFrutigen-Niedersimmental
36%
SolothurnGäu
35%
SolothurnGösgen
35%
AargauKulm
35%
BernObersimmental-Saanen
35%
ValaisSaint-Maurice
35%
Appenzell AusserrhodenVorderland
35%
GraubündenAlbula
34%
Basel-LandschaftArlesheim
34%
ValaisConthey
34%
ValaisGoms
34%
VaudLavaux-Oron
34%
LucerneLucerne-Land
34%
GraubündenMaloja
34%
GraubündenPlessur
34%
FribourgSense
34%
SolothurnThierstein
34%
Basel-LandschaftWaldenburg
34%
St. GallenWerdenberg
34%
SolothurnDorneck
33%
FribourgGlâne
33%
VaudGros-de-Vaud
33%
GraubündenMoesa
33%
ValaisÖstlich Raron
33%
GraubündenViamala
33%
ValaisWestlich Raron
33%
SolothurnBucheggberg
32%
SolothurnLebern
32%
ValaisLeuk
32%
VaudOuest lausannois
32%
FribourgVeveyse
32%
GraubündenImboden
31%
VaudJura-Nord vaudois
31%
SchaffhausenOberklettgau
31%
SchaffhausenReiat
31%
SchaffhausenUnterklettgau
31%
SolothurnWasseramt
31%
ValaisEntremont
30%
ThurgauMünchwilen
30%
SchaffhausenSchleitheim
30%
ValaisHérens
28%

Score Distribution

Percentile by Number Answered

Percent of People with Each Score

Your Score History

You have not taken this quiz